| 000 | 00758nam a2200205 a 4500 | ||
|---|---|---|---|
| 003 | 0 | ||
| 005 | 20250507094223.0 | ||
| 008 | 050808s19uu xx 00 eng d | ||
| 050 |
_aPHS SB 113 _b.I34 2005 |
||
| 100 | _aIkeda, Yumi M. | ||
| 245 |
_aEffect of induced physical breaking of dormancy on the germination of mungbean (Vigna radiata) / _cYumi M. Ikeda. |
||
| 260 |
_aLas PiƱas City, Philippines : _bSouthville International School and Colleges, _c2005. |
||
| 300 |
_a23 pages : _billustrations ; _c28 cm. |
||
| 504 | _aIncludes bibliographical references. | ||
| 650 |
_2Library of Congress Subject Headings _aMungbean _xSeed germination. |
||
| 650 |
_aSeeds _xDormancy. |
||
| 650 |
_aVigna radiata _xGrowth. |
||
| 942 |
_2lcc _cPASS |
||
| 999 |
_c97240 _d97240 |
||